Cấp cứu tai-mũi-họng

保存先:
書誌詳細
第一著者: Lương Sĩ Cân
フォーマット: 図書
言語:Undetermined
出版事項: Hà Nội Y học 1986
主題:
タグ: タグ追加
タグなし, このレコードへの初めてのタグを付けませんか!
Thư viện lưu trữ: Trung tâm Học liệu Trường Đại học Cần Thơ
LEADER 00537nam a2200169Ia 4500
001 CTU_7608
008 210402s9999 xx 000 0 und d
082 |a 616.210252 
082 |b C121 
100 |a Lương Sĩ Cân 
245 0 |a Cấp cứu tai-mũi-họng 
245 0 |c Lương Sĩ Cân, Phạm Khánh Hòa, Trần Lệ Thuỷ 
260 |a Hà Nội 
260 |b Y học 
260 |c 1986 
650 |a first aid in illness and injury,otolaryngology 
980 |a Trung tâm Học liệu Trường Đại học Cần Thơ